Statistics for Countries that won the Eurovision by the biggest points margin

Click here to take the quiz!

General Stats

  • This quiz has been taken 112 times
  • The average score is 9 of 10

Answer Stats

#Country% Correct
2Sweden
97%
1Portugal
95%
1Austria
94%
1Norway
93%
2Ireland
91%
2Germany
90%
1United Kingdom
90%
1Russia
90%
2Denmark
88%
1Finland
83%

Score Distribution

Percentile by Number Answered

Percent of People with Each Score

Your Score History

You have not taken this quiz